<?xml version="1.0" encoding="UTF-8"?>
<record
    xmlns:xsi="http://www.w3.org/2001/XMLSchema-instance"
    xsi:schemaLocation="http://www.loc.gov/MARC21/slim http://www.loc.gov/standards/marcxml/schema/MARC21slim.xsd"
    xmlns="http://www.loc.gov/MARC21/slim">

  <leader>01156nam a2200241Ia 4500</leader>
  <controlfield tag="003">IN-BaIIA</controlfield>
  <controlfield tag="008">211028s9999    xx            000 0 eng d</controlfield>
  <datafield tag="020" ind1=" " ind2=" ">
    <subfield code="a">0-89766-708-5</subfield>
  </datafield>
  <datafield tag="040" ind1=" " ind2=" ">
    <subfield code="c">IIA Library</subfield>
  </datafield>
  <datafield tag="080" ind1=" " ind2=" ">
    <subfield code="a">524.834(063)</subfield>
    <subfield code="b">REL</subfield>
  </datafield>
  <datafield tag="111" ind1=" " ind2=" ">
    <subfield code="a">Texas/ European Southern Observatory/-Symposium Artificial Intelligence for Science, Industry Symposium on Relativistic Astrophysics, Cosmology and Fundamental Physics</subfield>
    <subfield code="c">Brighton</subfield>
    <subfield code="d">1991 Dec. 16-21</subfield>
    <subfield code="9">19366</subfield>
  </datafield>
  <datafield tag="245" ind1=" " ind2="0">
    <subfield code="a">Relativistic Astrophysics, cosmology and fundamental Physics</subfield>
    <subfield code="b">proceedings of Texas/ ESO/-Symposium Artificial Intelligence for Science, Industry Symposium on Relativistic Astrophysics, cosmology and fundamental Physics, held in Brighton, UK, 16-21 Dec 1991</subfield>
    <subfield code="c">edited by John D Barrow and Leon Mestel</subfield>
  </datafield>
  <datafield tag="260" ind1=" " ind2=" ">
    <subfield code="a">New York</subfield>
    <subfield code="b">The New York Academy of Sciences</subfield>
    <subfield code="c">1991</subfield>
  </datafield>
  <datafield tag="300" ind1=" " ind2=" ">
    <subfield code="a">[various pagings.]</subfield>
  </datafield>
  <datafield tag="650" ind1=" " ind2=" ">
    <subfield code="a">Astronomy and Astrophysics thesaurus</subfield>
  </datafield>
  <datafield tag="650" ind1=" " ind2=" ">
    <subfield code="a">Astrophysics</subfield>
    <subfield code="9">794</subfield>
  </datafield>
  <datafield tag="650" ind1=" " ind2=" ">
    <subfield code="a">Cosmology</subfield>
  </datafield>
  <datafield tag="650" ind1=" " ind2=" ">
    <subfield code="a">General Relativity</subfield>
    <subfield code="9">3824</subfield>
  </datafield>
  <datafield tag="650" ind1=" " ind2=" ">
    <subfield code="a">Relativistic cosmology</subfield>
    <subfield code="9">6459</subfield>
  </datafield>
  <datafield tag="700" ind1=" " ind2=" ">
    <subfield code="a">Barrow, John D., ed.</subfield>
    <subfield code="9">19367</subfield>
  </datafield>
  <datafield tag="700" ind1=" " ind2=" ">
    <subfield code="a">Mestel, Leon.,ed.</subfield>
    <subfield code="9">19368</subfield>
  </datafield>
  <datafield tag="942" ind1=" " ind2=" ">
    <subfield code="c">BK</subfield>
  </datafield>
  <datafield tag="999" ind1=" " ind2=" ">
    <subfield code="c">11295</subfield>
    <subfield code="d">11295</subfield>
  </datafield>
  <datafield tag="952" ind1=" " ind2=" ">
    <subfield code="0">0</subfield>
    <subfield code="1">0</subfield>
    <subfield code="4">0</subfield>
    <subfield code="7">0</subfield>
    <subfield code="a">BAN</subfield>
    <subfield code="b">BAN</subfield>
    <subfield code="c">GEN</subfield>
    <subfield code="d">1995-03-20</subfield>
    <subfield code="g">3128.40</subfield>
    <subfield code="l">0</subfield>
    <subfield code="o">524.834(063)/ REL</subfield>
    <subfield code="p">12210</subfield>
    <subfield code="r">2021-11-05</subfield>
    <subfield code="v">3128.40</subfield>
    <subfield code="w">1995-03-20</subfield>
    <subfield code="y">BK</subfield>
    <subfield code="G">Rs. 3128.40</subfield>
  </datafield>
</record>
